000 nam a22 7a 4500
999 _c50544
_d50544
003 OSt
005 20210312125740.0
008 210312b xxu||||| |||| 00| 0 eng d
040 _cIIMT UNIVERSITY MEERUT
100 _aPARK .K
245 _aPREVENTIVE & SOCIAL MEDICINE
260 _bBHARAT
_c2009
300 _a832
942 _2ddc
_c01